000 00619cam a2200145 4500500
005 20251228075731.0
041 _afre
042 _adc
100 1 0 _aLe Goff, Jean-François
_eauthor
245 0 0 _aLa thérapie familiale au quotidien, parcours alphabétique Vincent Laupies et Michel Rendu Editions de L’Harmattan Collection « Thérapies familiales aujourd’hui » Paris, 2004
260 _c2005.
500 _a1
786 0 _nThérapie Familiale | 26 | 3 | 2005-09-01 | p. 315b-323b | 0250-4952
856 4 1 _uhttps://shs.cairn.info/revue-therapie-familiale-2005-3-page-315b?lang=fr&redirect-ssocas=7080
999 _c1598150
_d1598150